ბათუმის შოთა რუსთაველის სახელმწიფო უნივერსიტეტის ბიბლიოთეკა

Оплата труда (ბიბ.ჩანაწერი № 37053)

000 -LEADER
fixed length control field 00550nam a2200229Ia 4500
001 - CONTROL NUMBER
control field 3007
003 - CONTROL NUMBER IDENTIFIER
control field GE_BSU
008 - FIXED-LENGTH DATA ELEMENTS--GENERAL INFORMATION
fixed length control field 181216s||||||||xx |||||||||||||| ||und||
020 ## - INTERNATIONAL STANDARD BOOK NUMBER
International Standard Book Number 5855721418
040 ## - CATALOGING SOURCE
Transcribing agency GE_BSU
080 ## - UNIVERSAL DECIMAL CLASSIFICATION NUMBER
Universal Decimal Classification number 331.4
100 ## - MAIN ENTRY--PERSONAL NAME
Personal name Крашенинников, М.С
245 ## - TITLE STATEMENT
Title Оплата труда
245 ## - TITLE STATEMENT
Statement of responsibility, etc. ред. С.А. Новиков
260 ## - PUBLICATION, DISTRIBUTION, ETC.
Place of publication, distribution, etc. Москва
260 ## - PUBLICATION, DISTRIBUTION, ETC.
Name of publisher, distributor, etc. ПРИОР
260 ## - PUBLICATION, DISTRIBUTION, ETC.
Date of publication, distribution, etc. 1997
300 ## - PHYSICAL DESCRIPTION
Extent 336 с. 20 см.
653 ## - INDEX TERM--UNCONTROLLED
Uncontrolled term Оплата труда
942 ## - ADDED ENTRY ELEMENTS (KOHA)
Koha item type წიგნი
ეგზემპლარები
Withdrawn status Lost status Damaged status Not for loan Date acquired Barcode Date last seen Price effective from Koha item type Public note
        2018-12-17 7926 2018-12-17 2018-12-17 წიგნი დარბაზი
        2018-12-17 7927 2018-12-17 2018-12-17 წიგნი დარბაზი
        2018-12-17 8163 2018-12-17 2018-12-17 წიგნი დარბაზი